Text Book on Health Nursing Informatics, Professionalism, Bioethics and Forensic Nursing (Record no. 355908)

MARC details
000 -LEADER
fixed length control field 00569nam a22001817a 4500
005 - DATE AND TIME OF LATEST TRANSACTION
control field 20230824153117.0
008 - FIXED-LENGTH DATA ELEMENTS--GENERAL INFORMATION
fixed length control field 230824b |||||||| |||| 00| 0 eng d
020 ## - INTERNATIONAL STANDARD BOOK NUMBER
International Standard Book Number 9789393885135
041 ## - LANGUAGE CODE
Language code of text/sound track or separate title eng
082 ## - DEWEY DECIMAL CLASSIFICATION NUMBER
Edition number 23
Classification number 610.73
100 ## - MAIN ENTRY--PERSONAL NAME
Author Athirarani, M.R.
-- Hari, Krishna G.L.
-- Beena, M.R.
-- Elavally, Sujitha
245 ## - TITLE STATEMENT
Title Text Book on Health Nursing Informatics, Professionalism, Bioethics and Forensic Nursing
250 ## - EDITION STATEMENT
Edition statement 1
260 ## - PUBLICATION, DISTRIBUTION, ETC.
Place of publication, distribution, etc. Bangalore
Name of publisher, distributor, etc. EMMESS Medical Publisher
Date of publication, distribution, etc. 2022
300 ## - PHYSICAL DESCRIPTION
Extent VI;283P.
650 ## - SUBJECT ADDED ENTRY--TOPICAL TERM
Topical term or geographic name entry element Nursing Foundation
942 ## - ADDED ENTRY ELEMENTS (KOHA)
Koha item type Compact Books
Holdings
Withdrawn status Lost status Source of classification or shelving scheme Damaged status Not for loan Home library Current library Date acquired Vendor Net Price Total Checkouts Full call number Barcode Date last seen Date last checked out Actual Price Bill Date Koha item type
    Dewey Decimal Classification     Sitabai Nargundkar College of Nursing Nagpur Sitabai Nargundkar College of Nursing Nagpur 02/08/2023 Complimentary Copy By EMMESS Medical Publisher 495.00 1 610.73 SNCN-CB-42 24/06/2025 08/11/2024 495.00 24/08/2023 Compact Books